| 000 | 00395cam a22001457a 4500 | ||
|---|---|---|---|
| 008 | 180718b1997 xxu||||| |||| 00| 0 eng d | ||
| 020 | _a8170996619 | ||
| 082 | _aB2x54 D659 | ||
| 100 | _aDoctor, Adi H | ||
| 245 |
_aPolitical thinkers of modern India _cby Adi H Doctor |
||
| 260 |
_aNew Delhi _bMittal _c1997 |
||
| 300 | _a141p. | ||
| 650 | _a(Written off) | ||
| 650 | _aPolitical science - India | ||
| 999 |
_c382348 _d382348 |
||